| 000 | 01043nam a2200301 a 4500 | ||
|---|---|---|---|
| 003 | AR-BaBNM | ||
| 005 | 20251128210615.0 | ||
| 008 | 082120s2002 ||||||||||||||000 | spa|| | ||
| 020 | _a98799276-1-3 | ||
| 040 | _cAR-BaBNM | ||
| 100 | 1 | _aGutiérrez Pérez, Francisco | |
| 245 | 0 | 0 |
_aLa mediación pedagógica _bapuntes para una educación a distancia alternativa |
| 260 |
_aMendoza _bEdiciones Culturales de Mendoza _c1993 |
||
| 300 |
_a151 p. _btablas |
||
| 500 | _aEsta publicación es realizada bajo los auspicios de la Dirección de Cooperación Internacional del Ministerio de Relaciones Exteriores del Reino de los Países Bajos | ||
| 500 | _aContiene referencias bibliográficas | ||
| 650 | 4 | _aTECNOLOGIA EDUCATIVA | |
| 650 | 4 | _aMEDIOS DE COMUNICACION | |
| 650 | 4 | _aMETODOS DE ENSEÑANZA | |
| 650 | 4 | _aTECNICAS DIDACTICAS | |
| 650 | 4 | _aLIBROS DE TEXTO | |
| 650 | 4 | _aDIDACTICA | |
| 651 | 4 | _aAmérica Latina | |
| 653 | _aEDUCACION A DISTANCIA | ||
| 700 | 1 | _aPrieto Castillo, Daniel | |
| 942 | _cBK | ||
| 998 | _cRaquel | ||
| 999 |
_c16155 _d16155 |
||